01301nam a2200241Ia 450000100060000000300090000600800410001504000130005604000130006904100130008210000190009510000290011424500480014324500550019125000110024626000100025726000120026726000490027930000590032850006020038765000390098965000310102898196IT-RoPAU130308s9999 xx 000 0 und d aIT-RoPAU cIT-RoPAU aSPAGNOLO aBlumer Herbert gCodice Aut. SPICS: 9098 aMultitud (La), el publico y la colectividad bProceso Y Efectos de la comunicacion colectiva (2) a1a ed. aQUITO bCiespal c1964 [1° Ed.:1964 - Ed.Ling.Originale:1954] a"17 p. (prefazione: no ; testo: 17 [pagine: 308-324])" aMoltitudine Pubblico e Collettività. Tipi di Moltitudini. Formazione delle Moltitudini. caratteristiche della moltitudine in Azione. marca Dominantedella moltitudine Espressiva. Persona nella moltitudine Espressiva. caratteristiche Distintive della Collettività. Società e Collettività. Natura del Comportamento della Collettività. propaganda Collettiva. masse Proletarie. Pubblico Come Gruppo. caratteristiche Distintive del Pubblico. Modalità di Comportamento del Pubblico. Opinione Pubblica. principali Procedimenti e regole di Propaganda. Aggruppamenti collettivi e cambio Sociale. aTEORIA DELLA COMUNICAZIONE SOCIALE eCodice materia Spics: 3802